EFFECT OF OPRGANICT FERTILIZER ON GROWTH AND YIELD OF EGGPLANT AT CROP STATION IN ROYAL UNIVERSITY OF AGRICULTURE,(ឥត្ធិពលជីសរីរាង្គលើការលូលលាស់ និងទិន្នផលដំណាំត្រប់វែងនីស្ថានីយ៍ដំណាំនៃសាកលវិទ្យាល័យភូមិកសិកម្ម). (Record no. 952)

000 -LEADER
fixed length control field 00756nam a22001577a 4500
003 - CONTROL NUMBER IDENTIFIER
control field OSt
005 - DATE AND TIME OF LATEST TRANSACTION
control field 20150921102501.0
008 - FIXED-LENGTH DATA ELEMENTS--GENERAL INFORMATION
fixed length control field 150921b xxu||||| |||| 00| 0 eng d
040 ## - CATALOGING SOURCE
Transcribing agency RUA
082 ## - DEWEY DECIMAL CLASSIFICATION NUMBER
Classification number AGR PHU 2006 BO33 Or.1
100 ## - MAIN ENTRY--PERSONAL NAME
9 (RLIN) 991
Personal name PHUM, DARA
245 ## - TITLE STATEMENT
Title EFFECT OF OPRGANICT FERTILIZER ON GROWTH AND YIELD OF EGGPLANT AT CROP STATION IN ROYAL UNIVERSITY OF AGRICULTURE,(ឥត្ធិពលជីសរីរាង្គលើការលូលលាស់ និងទិន្នផលដំណាំត្រប់វែងនីស្ថានីយ៍ដំណាំនៃសាកលវិទ្យាល័យភូមិកសិកម្ម).
260 ## - PUBLICATION, DISTRIBUTION, ETC. (IMPRINT)
Place of publication, distribution, etc. PHNOM PHEN
Name of publisher, distributor, etc. RUA
Date of publication, distribution, etc. 2006
300 ## - PHYSICAL DESCRIPTION
Extent XIII,50P.
Other physical details ILL.
Dimensions 29CM.
942 ## - ADDED ENTRY ELEMENTS (KOHA)
Source of classification or shelving scheme
Koha item type AGR
Holdings
Price effective from Date last seen Permanent Location Not for loan Date acquired Source of classification or shelving scheme Koha item type Barcode Lost status Damaged status Shelving location Withdrawn status Current Location Full call number
2015-09-212015-09-21Library Block B 2015-09-21 AGRRUA002990  B033 Library Block BAGR PHU 2006 BO33 Or.1
មជ្ឈមណ្ឌលឯការនៃសាកលវិទ្យាល័យភូមិន្ទកសិកម្មចំការដូង

Powered by Koha